[Event "Geneva Open A 2013"]
[Site "Geneva SUI"]
[Date "2013.06.27"]
[Round "5.7"]
[White "Meylan, Andre"]
[Black "Mamedjarova, Turkan"]
[Result "1/2-1/2"]
[BlackTitle "WGM"]
[WhiteElo "2094"]
[BlackElo "2249"]
[WhiteFideId "1301225"]
[BlackFideId "13402005"]
[EventDate "2013.06.24"]

1. e4 e5 2. Nf3 Nc6 3. d4 exd4 4. Nxd4 Bc5 5. Be3 Qf6 6. c3 d6 7. Nc2 Bxe3 8.
Nxe3 Nge7 9. Nd2 Be6 10. Be2 d5 11. exd5 Nxd5 12. Nxd5 Bxd5 13. O-O O-O-O 14.
Qc2 Bxg2 15. Bg4+ Kb8 16. Kxg2 Qg5 17. Qf5 Qxf5 18. Bxf5 Rxd2 19. Be4 Ne5 20. b3
Rhd8 21. Rae1 f6 22. Bxh7 g6 23. Kg3 a6 24. Re3 Rh8 25. f4 Rxh7 26. fxe5 fxe5
27. h4 Rh5 28. a4 g5 29. Kg4 Rxh4+ 30. Kxg5 Rh8 31. Rf5 Rg8+ 32. Kf6 e4 33. Rxe4
Rd3 34. Rc4 b6 35. Ke5 Re8+ 36. Kf4 Ree3 37. Rf8+ Kb7 38. Rf7 Rf3+ 39. Ke4 1/2-1/2

[Event "Geneva Open A 2013"]
[Site "Geneva SUI"]
[Date "2013.06.28"]
[Round "6.3"]
[White "Mamedjarova, Zeinab"]
[Black "Cherniaev, Alexander"]
[Result "1-0"]
[WhiteTitle "WGM"]
[BlackTitle "GM"]
[WhiteElo "2264"]
[BlackElo "2447"]
[WhiteFideId "13401521"]
[BlackFideId "4117301"]
[EventDate "2013.06.24"]

1. d4 g6 2. Nf3 Bg7 3. g3 d6 4. Bg2 Nd7 5. O-O e5 6. e4 exd4 7. Nxd4 Ne7 8. a4
O-O 9. h3 Nc6 10. Be3 Re8 11. Qd2 Nde5 12. Na3 Bxh3 13. Bxh3 Nxd4 14. Kh1 Nec6
15. Bg2 a6 16. Rad1 Ne6 17. c3 Nf8 18. f4 Nd7 19. e5 Bf8 20. Nc4 Rb8 21. Bf2 Qc8
22. exd6 Rd8 23. Bh3 b5 24. axb5 axb5 25. Ne5 Ncxe5 26. fxe5 Qb7+ 27. Bg2 c6 28.
Bd4 Bg7 29. e6 fxe6 30. Bxg7 Kxg7 31. Qg5 Re8 32. Rf2 Nf8 33. Qe5+ Kg8 34. Bh3
Qg7 35. Qc5 Red8 36. Rdf1 Qh6 37. Kg2 Qh5 38. Qxc6 Qd5+ 39. Qxd5 exd5 40. Rf6 b4
41. cxb4 Rxb4 42. d7 Rxb2+ 43. Kg1 Rbb8 44. Rf7 d4 45. Re7 d3 46. Rd1 g5 47. Bf5
Nxd7 48. Bxd7 Kf8 49. Rxh7 Kg8 50. Bf5 d2 51. Rh5 Kg7 52. Rxg5+ Kf6 53. Rh5 Rd5
54. Bg4 Rd3 55. Rf5+ 1-0

[Event "Geneva Open A 2013"]
[Site "Geneva SUI"]
[Date "2013.06.28"]
[Round "6.6"]
[White "Manea, Alexandru"]
[Black "Meylan, Andre"]
[Result "1-0"]
[WhiteTitle "IM"]
[WhiteElo "2389"]
[BlackElo "2094"]
[WhiteFideId "1207660"]
[BlackFideId "1301225"]
[EventDate "2013.06.24"]

1. d4 Nf6 2. c4 e6 3. Nc3 Bb4 4. Qc2 O-O 5. Nf3 d5 6. cxd5 exd5 7. Bf4 c6 8. e3
Nbd7 9. Bd3 Re8 10. h3 Ne4 11. O-O Ndf6 12. Be5 h6 13. a3 Bd6 14. Rad1 Be6 15.
Bxe4 Nxe4 16. Nxe4 dxe4 17. Qxe4 Bxe5 18. dxe5 Qb6 19. Qd4 c5 20. Qc3 Rad8 21.
Nd2 Qc6 22. f3 Qa4 23. Rc1 Bf5 24. e4 Be6 25. Rf2 b6 26. f4 Rd4 27. f5 Bc8 28.
e6 fxe6 29. f6 Rf8 30. Qg3 Rf7 31. Nf3 Rd1+ 32. Rxd1 Qxd1+ 33. Rf1 Qd8 34. e5
Bb7 35. Kh2 Qd3 36. Rf2 Kh7 37. Ng5+ Kg8 38. Nf3 1-0

[Event "Geneva Open A 2013"]
[Site "Geneva SUI"]
[Date "2013.06.28"]
[Round "6.8"]
[White "Botta, Gabriele"]
[Black "Duport, Nicolas"]
[Result "0-1"]
[WhiteTitle "FM"]
[WhiteElo "2327"]
[BlackElo "2229"]
[WhiteFideId "1312120"]
[BlackFideId "1314424"]
[EventDate "2013.06.24"]

1. e4 e5 2. Nf3 Nc6 3. Bb5 Nf6 4. d3 d6 5. c3 a6 6. Ba4 g6 7. O-O Bg7 8. Nbd2
O-O 9. Re1 b5 10. Bb3 Na5 11. Bc2 c5 12. Nf1 Bb7 13. Bg5 h6 14. Bh4 Re8 15. Ne3
Qc7 16. Qe2 Rac8 17. Rad1 Kh7 18. h3 Nh5 19. Qf1 Nf6 20. Nh2 b4 21. Nhg4 Nh5 22.
Ba4 Rf8 23. Bc2 Kh8 24. Nh2 f5 25. exf5 gxf5 26. f3 f4 27. Neg4 Ng3 28. Qf2 Nf5
29. Nf1 Qf7 30. d4 cxd4 31. Bxf5 Qxf5 32. cxd4 h5 33. Ngh2 Nc4 34. b3 Na3 35.
dxe5 Bxe5 36. Qb6 Rf7 37. Re2 Nb5 38. Be1 Nc3 39. Rxe5 Qxe5 40. Bf2 Nd5 41. Qa5
Ne3 42. Qxe5+ dxe5 43. Bxe3 fxe3 44. Nxe3 e4 45. fxe4 Bxe4 46. Rd4 Rc1+ 47. Nhf1
Bc6 48. Rxb4 Bb5 49. g4 Bxf1 0-1

[Event "Geneva Open A 2013"]
[Site "Geneva SUI"]
[Date "2013.06.29"]
[Round "7.1"]
[White "Mamedjarova, Zeinab"]
[Black "Cornette, Matthieu"]
[Result "0-1"]
[WhiteTitle "WGM"]
[BlackTitle "GM"]
[WhiteElo "2264"]
[BlackElo "2578"]
[WhiteFideId "13401521"]
[BlackFideId "620084"]
[EventDate "2013.06.24"]

1. d4 Nf6 2. Nf3 d5 3. e3 e6 4. Bd3 c5 5. c3 Nc6 6. Nbd2 Bd6 7. O-O O-O 8. e4
cxd4 9. cxd4 dxe4 10. Nxe4 h6 11. Qe2 Nd5 12. Ng3 f5 13. Bd2 Bd7 14. Rad1 Qf6
15. Bb5 a6 16. Bxc6 Bxc6 17. Rfe1 Rfe8 18. Ne5 Rac8 19. Qd3 Nb4 20. Qa3 Qf8 21.
Nxc6 Nc2 22. Qb3 Nxe1 23. Na7 Ra8 24. Rxe1 Qf7 25. Qb6 Qc7 26. Qb3 Qf7 27. Qb6
Bb8 28. Nc6 bxc6 29. Qxc6 Ba7 30. Bc3 a5 31. Nf1 Rad8 32. Qa4 Qd7 33. Qxa5 Bxd4
34. Qb4 Bxc3 35. Qxc3 Qd5 36. a4 Qd4 37. Qc6 Rc8 38. Qb5 Rb8 39. Qc6 Qb6 40. Qc4
Qb4 41. Qc1 Qxb2 42. Qc6 Qb6 43. Qc2 Qb3 44. Qc6 Rbc8 45. Qd7 Qd5 46. Qxd5 exd5
47. Rd1 d4 48. g3 Rc4 49. a5 Ra4 50. Nd2 Rxa5 51. Nb3 Rb5 52. Rd3 Rc8 53. Kg2
Rc3 54. Nxd4 Rxd3 55. Nxb5 f4 56. gxf4 Kf7 57. Nc7 Ke7 58. f5 Rd7 59. Ne6 Kf6
60. Nc5 Rd4 61. Ne6 Rg4+ 62. Kf3 Kxf5 63. h3 Rg1 64. Nd4+ Kg5 65. Ne2 Re1 66.
Nd4 g6 67. Kg3 Rg1+ 68. Kh2 Rd1 69. Nf3+ Kf4 70. Kg2 Rd5 71. Nh4 Rg5+ 72. Kf1
Ke4 73. Ke2 Rh5 74. f3+ Kf4 75. Nxg6+ Kg3 76. f4 Rf5 77. h4 h5 78. Ke3 Rf6 79.
f5 Rxf5 80. Ke4 Rf6 0-1

[Event "Geneva Open A 2013"]
[Site "Geneva SUI"]
[Date "2013.06.29"]
[Round "7.3"]
[White "Le Roux, Jean-Pierre"]
[Black "Vuilleumier, Alexandre"]
[Result "1-0"]
[WhiteTitle "GM"]
[BlackTitle "IM"]
[WhiteElo "2576"]
[BlackElo "2321"]
[WhiteFideId "609404"]
[BlackFideId "1305662"]
[EventDate "2013.06.24"]

1. d4 Nf6 2. Nf3 e6 3. c4 d5 4. Nc3 Bb4 5. Qb3 a5 6. Bg5 c6 7. a3 Be7 8. e3 h6
9. Bh4 O-O 10. Be2 b6 11. O-O Ba6 12. Bxf6 Bxf6 13. Rfd1 a4 14. Qxa4 dxc4 15.
Qc2 Nd7 16. Ne4 b5 17. b3 Nb6 18. bxc4 Nxc4 19. Nc5 Be7 20. Bxc4 bxc4 21. Nxa6
Rxa6 22. a4 Qa8 23. Ne5 c5 24. dxc5 Bf6 25. Nd7 Bxa1 26. Nxf8 Kxf8 27. Rxa1 Qd5
28. Qb2 Ke7 29. h3 Ra5 30. Qxg7 e5 31. Rb1 c3 32. Rb8 Rxc5 33. Qf8+ Ke6 34. e4
Qc6 35. Re8+ 1-0

[Event "Geneva Open A 2013"]
[Site "Geneva SUI"]
[Date "2013.06.29"]
[Round "7.4"]
[White "Cherniaev, Alexander"]
[Black "Louis, Thibault"]
[Result "1/2-1/2"]
[WhiteTitle "GM"]
[WhiteElo "2447"]
[BlackElo "2222"]
[WhiteFideId "4117301"]
[BlackFideId "681369"]
[EventDate "2013.06.24"]

1. e4 e6 2. d4 d5 3. Nc3 Nf6 4. e5 Nfd7 5. Nf3 c5 6. dxc5 Nc6 7. Bf4 Be7 8. h4
h6 9. a3 Nxc5 10. Rh3 f5 11. Be2 Ne4 12. Nxe4 fxe4 13. Nd4 O-O 14. Nxc6 bxc6 15.
Qd2 Kh7 16. f3 Bxh4+ 17. g3 Rxf4 18. Qxf4 Bg5 19. Qg4 exf3 20. Bd3+ Kg8 21. Qxf3
Qb6 22. Ke2 Ba6 23. Rf1 Bxd3+ 24. Qxd3 Qxb2 25. Rhh1 Qxe5+ 26. Kf3 d4 27. Kg2
Rd8 28. Rf3 Qd5 29. Rf1 e5 30. Qf5 e4 31. Qf7+ Qxf7 32. Rxf7 d3 33. cxd3 exd3
34. Rxa7 d2 35. Rd1 Rd3 36. Rc7 Rc3 37. Kf2 c5 38. a4 c4 39. a5 Rc1 40. Ke2 c3
41. a6 c2 42. Rxd2 Bxd2 43. Kxd2 Ra1 44. a7 c1=Q+ 45. Rxc1 Rxa7 46. Rc8+ Kh7 47.
Ke3 Rf7 48. Rc4 Rf6 1/2-1/2

[Event "Geneva Open A 2013"]
[Site "Geneva SUI"]
[Date "2013.06.29"]
[Round "7.7"]
[White "Colmenares, Aurelio"]
[Black "Meijers, Viesturs"]
[Result "1/2-1/2"]
[WhiteTitle "FM"]
[BlackTitle "GM"]
[WhiteElo "2214"]
[BlackElo "2470"]
[WhiteFideId "1308629"]
[BlackFideId "11600314"]
[EventDate "2013.06.24"]

1. e4 c5 2. Nf3 a6 3. c3 d5 4. exd5 Qxd5 5. d4 Nf6 6. dxc5 Qxc5 7. Be3 Qc7 8.
Nbd2 Nbd7 9. Be2 e5 10. Nb3 Be7 11. O-O Ng4 12. Qd2 Nxe3 13. Qxe3 O-O 14. Rfe1
f6 15. Bd3 Re8 16. Nh4 Nf8 17. Qg3 Be6 18. Nd4 Bc4 19. Ndf5 g6 20. Nxe7+ Rxe7
21. Nf5 Rd7 22. Bxc4+ Qxc4 23. Ne3 Qc6 24. Qh4 Kg7 25. a4 Ne6 26. Qc4 Qxc4 27.
Nxc4 Rad8 28. a5 h5 29. g3 g5 30. Kg2 g4 31. h3 gxh3+ 32. Kxh3 Nc5 33. Kg2 Nd3
34. Rh1 Kg6 35. Rh4 Rc7 36. Rah1 Rh8 37. b3 Nc5 38. g4 Nxb3 39. gxh5+ Kh6 40.
Rg4 Kh7 41. Rb1 Nc5 42. Rb6 Rf8 43. Ne3 Rff7 44. Nf5 Nd3 45. Nd6 Nf4+ 46. Rxf4
Rg7+ 47. Kf3 Rxc3+ 48. Ke4 exf4 49. Nxb7 Rc4+ 50. Kf3 Ra4 51. Nd6 Rxa5 52. Ne4
Rf7 53. Nxf6+ Kh6 54. Kg4 f3 55. Ne4+ Kg7 56. h6+ Kh7 57. Ng5+ Rxg5+ 58. Kxg5
Ra7 59. Rb3 a5 60. Rxf3 a4 61. Ra3 Ra5+ 62. Kf4 Kxh6 63. Ke4 Kg5 64. Kd4 Kf4 65.
Kc4 Ra8 66. Kb4 Ra7 67. Rxa4 Rxa4+ 1/2-1/2

[Event "Geneva Open A 2013"]
[Site "Geneva SUI"]
[Date "2013.06.29"]
[Round "7.8"]
[White "Weeramantry, Sunil"]
[Black "Mamedjarova, Turkan"]
[Result "0-1"]
[WhiteTitle "FM"]
[BlackTitle "WGM"]
[WhiteElo "2111"]
[BlackElo "2249"]
[WhiteFideId "9900055"]
[BlackFideId "13402005"]
[EventDate "2013.06.24"]

1. e4 e5 2. Nf3 Nc6 3. Nc3 Nf6 4. Bb5 Bc5 5. Nxe5 Qe7 6. Nd3 Nxe4 7. O-O Nxc3 8.
dxc3 Nd8 9. Nxc5 Qxc5 10. Qe2+ Ne6 11. Be3 Qe7 12. Bd3 O-O 13. Rae1 f5 14. f4 b6
15. Bc4 Bb7 16. Bd4 Be4 17. g4 d5 18. Bd3 Nxd4 19. cxd4 Qf6 20. c3 Rae8 21. g5
Qd6 22. Qd2 Bxd3 23. Rxe8 Rxe8 24. Qxd3 Re4 25. Qf3 Qe7 26. Rf2 c6 27. Qd3 Qe8
28. Kg2 Qe6 29. Kf3 Kf7 30. Qd2 h6 31. gxh6 Qxh6 32. Kg2 Qh4 33. Qd3 Rxf4 34.
Rxf4 Qxf4 35. Qa6 Qe4+ 36. Kf2 Qf4+ 37. Kg2 Qd2+ 38. Kf3 Qd1+ 39. Kf2 Qc2+ 40.
Kg3 f4+ 41. Kxf4 Qxh2+ 42. Kg4 Qg2+ 43. Kf4 Kf6 44. Qc8 Qg5+ 0-1

[Event "Geneva Open A 2013"]
[Site "Geneva SUI"]
[Date "2013.06.29"]
[Round "8.1"]
[White "Cornette, Matthieu"]
[Black "Le Roux, Jean-Pierre"]
[Result "1/2-1/2"]
[WhiteTitle "GM"]
[BlackTitle "GM"]
[WhiteElo "2578"]
[BlackElo "2576"]
[WhiteFideId "620084"]
[BlackFideId "609404"]
[EventDate "2013.06.24"]

1. e4 e5 2. Nf3 Nc6 3. Bb5 Nf6 4. O-O Nxe4 5. Re1 Nd6 6. Nxe5 Be7 7. Bf1 Nxe5 8.
Rxe5 O-O 9. d4 Bf6 10. Re1 Re8 11. c3 Rxe1 12. Qxe1 Qe8 13. Qxe8+ Nxe8 14. Bf4
d5 15. Bd3 Be7 16. Nd2 Bd6 17. Re1 Kf8 18. Bxd6+ Nxd6 19. f3 Bd7 20. Kf2 h6 21.
Re5 c6 22. h4 a5 23. a4 b6 24. g4 f6 25. Re1 Re8 26. Rxe8+ Kxe8 27. Ke3 Kd8 28.
Kf4 g5+ 29. hxg5 hxg5+ 30. Ke3 Kc7 31. b3 1/2-1/2

[Event "Geneva Open A 2013"]
[Site "Geneva SUI"]
[Date "2013.06.29"]
[Round "8.2"]
[White "Duport, Nicolas"]
[Black "Bauer, Christian"]
[Result "0-1"]
[BlackTitle "GM"]
[WhiteElo "2229"]
[BlackElo "2637"]
[WhiteFideId "1314424"]
[BlackFideId "603767"]
[EventDate "2013.06.24"]

1. e4 Nc6 2. d4 d5 3. e5 Bf5 4. Nf3 e6 5. a3 f6 6. Bb5 Ne7 7. O-O a6 8. Bd3 Qd7
9. Re1 O-O-O 10. b4 Kb8 11. Bf1 Bg4 12. Bb2 Nf5 13. Be2 Bxf3 14. Bxf3 Qf7 15. g3
Be7 16. c3 fxe5 17. dxe5 h5 18. Nd2 g5 19. a4 g4 20. Bg2 h4 21. Qxg4 Rdg8 22.
Qe2 hxg3 23. hxg3 Nxg3 24. fxg3 Rxg3 25. Qf2 Rh1+ 0-1

[Event "Geneva Open A 2013"]
[Site "Geneva SUI"]
[Date "2013.06.29"]
[Round "8.5"]
[White "Louis, Thibault"]
[Black "Mamedjarova, Zeinab"]
[Result "0-1"]
[BlackTitle "WGM"]
[WhiteElo "2222"]
[BlackElo "2264"]
[WhiteFideId "681369"]
[BlackFideId "13401521"]
[EventDate "2013.06.24"]

1. e4 e5 2. Nf3 d6 3. d4 exd4 4. Nxd4 Nf6 5. Nc3 Be7 6. g3 O-O 7. Bg2 Re8 8. O-O
Bf8 9. h3 Nbd7 10. b3 Nc5 11. Re1 a5 12. a4 c6 13. Bb2 Qb6 14. Qd2 Bd7 15. Rad1
Rad8 16. Kh2 Bc8 17. Qf4 Nh5 18. Qg5 g6 19. g4 Ng7 20. f4 Qc7 21. Qh4 Nge6 22.
Nf5 gxf5 23. gxf5 Ng7 24. f6 Nge6 25. Qg3+ Kh8 26. f5 Bh6 27. fxe6 Nxe6 28. Kh1
Rg8 29. Qf3 Rg6 30. Bc1 Bxc1 31. Rxc1 Rdg8 32. Rg1 Rg3 33. Qf2 Rxc3 34. Bf3 Ng5
35. Qd2 Rxf3 36. Rxg5 Rxh3+ 37. Kg2 Qd8 38. e5 Rh5 39. Rg7 Rxg7+ 40. fxg7+ Kxg7
41. Rg1 Rxe5 42. Kf3+ Kf8 43. Qh6+ Ke7 44. Rg7 Be6 45. Qxh7 Qb6 0-1

[Event "Geneva Open A 2013"]
[Site "Geneva SUI"]
[Date "2013.06.29"]
[Round "8.6"]
[White "Meijers, Viesturs"]
[Black "Prunescu, Claudiu"]
[Result "0-1"]
[WhiteTitle "GM"]
[WhiteElo "2470"]
[BlackElo "2263"]
[WhiteFideId "11600314"]
[BlackFideId "1207210"]
[EventDate "2013.06.24"]

1. c4 Nf6 2. Nf3 c5 3. b3 g6 4. Bb2 Bg7 5. g3 b6 6. Bg2 Bb7 7. O-O O-O 8. Nc3
Nc6 9. e3 Rb8 10. Rc1 d5 11. Nxd5 Nxd5 12. Bxg7 Nxe3 13. fxe3 Kxg7 14. d4 f6 15.
d5 Na5 16. e4 Bc8 17. Ne1 e5 18. Nd3 Nb7 19. a3 Nd6 20. b4 Qc7 21. Qa4 Bd7 22.
Qb3 Rfc8 23. Rf2 Qd8 24. Rb2 Rb7 25. b5 Bxb5 26. Nxe5 fxe5 27. cxb5 Qg5 28. Qc3
Rf7 29. h4 Qe7 30. Bh3 Rcf8 31. Be6 Rf3 32. Qxe5+ Qf6 33. Qxf6+ Kxf6 34. Rf2 Ke5
35. Rxf3 Rxf3 36. g4 h6 37. a4 g5 38. hxg5 hxg5 39. Kg2 Ra3 40. Bf5 Rxa4 41. Rh1
Nxe4 42. Rh5 Ra2+ 43. Kf3 Ra3+ 44. Kg2 Kxd5 45. Bxe4+ Kxe4 46. Rxg5 Kf4 47. Rg7
Rg3+ 48. Kf2 Rxg4 49. Rxa7 Ke5 50. Rb7 Rg6 51. Rd7 Rd6 52. Rc7 Rd2+ 53. Ke3 Rb2
54. Kd3 Rxb5 55. Rd7 Rb4 56. Kc3 b5 57. Rb7 Kd6 58. Rb6+ Kc7 59. Rh6 Rg4 60. Rf6
Rg3+ 61. Kc2 Rg5 62. Kc3 Rd5 63. Rh6 Rd6 64. Rh8 Rg6 65. Kd3 Kb6 66. Ra8 Rg3+
67. Ke4 b4 68. Kd5 Rd3+ 69. Kc4 Rc3+ 0-1

[Event "Geneva Open A 2013"]
[Site "Geneva SUI"]
[Date "2013.06.29"]
[Round "8.8"]
[White "Bagri, Jaspaul"]
[Black "Midoux, Sebastien"]
[Result "1/2-1/2"]
[WhiteElo "2131"]
[BlackElo "2329"]
[WhiteFideId "1307347"]
[BlackFideId "611140"]
[EventDate "2013.06.24"]

1. c4 Nf6 2. g3 d5 3. cxd5 Nxd5 4. Bg2 g6 5. Nc3 Nb6 6. d3 Bg7 7. Be3 Nc6 8. Rc1
Nd4 9. Qd2 Nf5 10. Bc5 h5 11. h4 Nd7 12. Ba3 Bh6 13. e3 Ne5 14. Be4 c6 15. Nh3
Nxg3 16. fxg3 Bxh3 17. Rxh3 f5 18. Bg2 Nxd3+ 19. Ke2 Nxc1+ 20. Qxc1 O-O 21. Rh1
Qa5 22. Kf2 Rfd8 23. Ne2 Qd2 24. Qc4+ Kf8 25. Qe6 Kg7 26. Bc5 Rf8 27. Bd4+ Kh7
28. Qxe7+ Kg8 29. Qe5 Kh7 30. Qe7+ Kg8 31. Qe6+ Kh7 32. Qe7+ 1/2-1/2

[Event "Geneva Open A 2013"]
[Site "Geneva SUI"]
[Date "2013.06.30"]
[Round "9.1"]
[White "Bauer, Christian"]
[Black "Le Roux, Jean-Pierre"]
[Result "1-0"]
[WhiteTitle "GM"]
[BlackTitle "GM"]
[WhiteElo "2637"]
[BlackElo "2576"]
[WhiteFideId "603767"]
[BlackFideId "609404"]
[EventDate "2013.06.24"]

1. e4 c6 2. c4 d5 3. exd5 cxd5 4. d4 Nf6 5. Nc3 g6 6. Qb3 Bg7 7. cxd5 O-O 8. g3
Na6 9. Bg2 b5 10. Nge2 b4 11. Na4 Bf5 12. Nc5 Qa5 13. O-O Nxc5 14. dxc5 Qxc5 15.
Be3 Qd6 16. Nd4 Be4 17. Bxe4 Nxe4 18. Nc6 e6 19. Bf4 Qd7 20. Nxb4 a5 21. dxe6
Qxe6 22. Nd5 g5 23. Be3 a4 24. Qb5 Rfb8 25. Nb6 a3 26. bxa3 Bxa1 27. Rxa1 Rxa3
28. Bd4 Rd8 29. Nc4 Rd3 30. Bb2 R3d5 31. Qb3 Rd3 32. Qb5 Qh3 33. Ne3 h6 34. Qe5
f6 35. Qxe4 1-0

[Event "Geneva Open A 2013"]
[Site "Geneva SUI"]
[Date "2013.06.30"]
[Round "9.4"]
[White "Cherniaev, Alexander"]
[Black "Duport, Nicolas"]
[Result "1-0"]
[WhiteTitle "GM"]
[WhiteElo "2447"]
[BlackElo "2229"]
[WhiteFideId "4117301"]
[BlackFideId "1314424"]
[EventDate "2013.06.24"]

1. c4 c5 2. Nf3 Nc6 3. Nc3 g6 4. e3 Nf6 5. d4 cxd4 6. exd4 d5 7. Bg5 Ne4 8. cxd5
Nxc3 9. bxc3 Qxd5 10. Qb3 Qe4+ 11. Be3 Bh6 12. Bc4 Bxe3 13. Bxf7+ Kf8 14. Bd5
Qf4 15. O-O Nxd4 16. cxd4 Bxd4 17. Qc4 Be5 18. Nxe5 Qxe5 19. Rae1 Qf6 20. Re3
Kg7 21. Rf3 Bf5 22. g4 Rac8 23. Qb3 Qg5 24. Qb2+ 1-0

[Event "Geneva Open A 2013"]
[Site "Geneva SUI"]
[Date "2013.06.30"]
[Round "9.5"]
[White "Prunescu, Claudiu"]
[Black "Manea, Alexandru"]
[Result "0-1"]
[BlackTitle "IM"]
[WhiteElo "2263"]
[BlackElo "2389"]
[WhiteFideId "1207210"]
[BlackFideId "1207660"]
[EventDate "2013.06.24"]

1. e4 e6 2. d4 d5 3. exd5 exd5 4. Nf3 Nf6 5. Bd3 Bd6 6. O-O O-O 7. h3 Nc6 8. c3
Ne7 9. Nbd2 Bf5 10. Bxf5 Nxf5 11. Re1 c6 12. Qb3 Qb6 13. Qxb6 axb6 14. Nf1 Rfe8
15. Ne3 Nxe3 16. Bxe3 b5 17. a3 Nd7 18. Bd2 Re4 19. Ng5 Ree8 20. Nf3 f6 21.
Rxe8+ Rxe8 22. Re1 Re4 23. Kf1 Kf7 24. Bc1 Nb6 25. Nd2 Re6 26. Rxe6 Kxe6 27. Ke2
h5 28. h4 Kf5 29. Kf3 Bf4 30. Nb3 Bxc1 31. Nxc1 Nc4 32. Nd3 g5 33. hxg5 fxg5 34.
Ke2 Kg4 35. Nc5 Nd6 36. Nd3 h4 37. Ne5+ Kf5 38. f3 Kf4 39. Kf2 Nc4 40. Nxc4 dxc4
41. Ke2 Kg3 42. Kf1 h3 43. gxh3 Kxf3 0-1

[Event "Geneva Open A 2013"]
[Site "Geneva SUI"]
[Date "2013.06.30"]
[Round "9.6"]
[White "Devetak, Damir"]
[Black "Mamedjarova, Turkan"]
[Result "0-1"]
[BlackTitle "WGM"]
[WhiteElo "1895"]
[BlackElo "2249"]
[WhiteFideId "958093"]
[BlackFideId "13402005"]
[EventDate "2013.06.24"]

1. e4 e5 2. Nf3 Nc6 3. d4 exd4 4. Nxd4 Bc5 5. Be3 Qf6 6. c3 d6 7. Bc4 Ne5 8. Be2
Ne7 9. f4 Ng4 10. Bxg4 Qh4+ 11. Bf2 Qxg4 12. Qxg4 Bxg4 13. Nb5 O-O-O 14. b4 Bd7
15. a4 Bxf2+ 16. Kxf2 a6 17. Nd4 Ng6 18. g3 c5 19. Nf3 f6 20. h4 h5 21. a5 Bc6
22. Nbd2 d5 23. exd5 Rxd5 24. Rhe1 Rhd8 25. Nc4 Rd3 26. Re3 Ne7 27. Nb6+ Kb8 28.
Rae1 Nf5 29. Rxd3 Rxd3 30. Ng1 Rxg3 31. Ne2 Rg2+ 0-1

[Event "Geneva Open A 2013"]
[Site "Geneva SUI"]
[Date "2013.06.30"]
[Round "9.7"]
[White "Midoux, Sebastien"]
[Black "Botta, Gabriele"]
[Result "1-0"]
[BlackTitle "FM"]
[WhiteElo "2329"]
[BlackElo "2327"]
[WhiteFideId "611140"]
[BlackFideId "1312120"]
[EventDate "2013.06.24"]

1. e4 c6 2. d4 d5 3. e5 Bf5 4. h4 h5 5. c4 e6 6. Nc3 Be7 7. cxd5 cxd5 8. Bd3
Bxd3 9. Qxd3 Nc6 10. Nf3 Nh6 11. Bxh6 Rxh6 12. g3 a6 13. O-O Rg6 14. Rfc1 Nb4
15. Qb1 Kf8 16. a3 Nc6 17. b4 Kg8 18. Ne2 Rg4 19. Kf1 Qb6 20. Qd3 f6 21. exf6
Bxf6 22. Rc5 Be7 23. Rc3 Re4 24. Rd1 Rf8 25. Nf4 Bf6 26. Ne2 Kh8 27. Qd2 e5 28.
Rxc6 bxc6 29. dxe5 Bxe5 30. Qg5 Kg8 31. Qxh5 Qa7 32. Rd2 Qd7 33. Nxe5 Qe6 34.
Nf3 Re8 35. Nf4 Qf6 36. Kg2 Qc3 37. Rd3 Qc2 38. Ng5 1-0

[Event "Geneva Open A 2013"]
[Site "Geneva SUI"]
[Date "2013.06.30"]
[Round "9.8"]
[White "Colmenares, Aurelio"]
[Black "Vuilleumier, Alexandre"]
[Result "0-1"]
[WhiteTitle "FM"]
[BlackTitle "IM"]
[WhiteElo "2214"]
[BlackElo "2321"]
[WhiteFideId "1308629"]
[BlackFideId "1305662"]
[EventDate "2013.06.24"]

1. e4 e6 2. d4 d5 3. Nc3 Nf6 4. e5 Nfd7 5. Nf3 c5 6. dxc5 Bxc5 7. Bf4 Nc6 8. Bd3
h6 9. h4 Nd4 10. Nxd4 Bxd4 11. Qe2 a6 12. Bg3 Bxc3+ 13. bxc3 Qc7 14. O-O h5 15.
c4 dxc4 16. Bxc4 Nb6 17. Bd3 Bd7 18. Qd2 Bc6 19. Qg5 g6 20. Rab1 Na4 21. Qf6 Rg8
22. Bf4 Nc3 23. Bg5 Nd5 24. Qf3 Nc3 25. Qe3 Nxb1 26. Rxb1 Kd7 27. Rb4 Rad8 28.
Rc4 Kc8 29. Qa7 Rd5 30. Bf6 Kd7 31. Be4 b5 32. Qxc7+ Kxc7 33. Rc3 Kd7 34. Bxd5
Bxd5 35. Ra3 Ra8 36. Rd3 Rc8 37. Ra3 Rxc2 38. Rxa6 Rxa2 39. Rb6 Bc6 40. Rb8 Ra1+
41. Kh2 Ra8 42. Rxa8 Bxa8 43. Bg5 Kc6 44. Kg3 Kd5 45. Kf4 Kd4 46. f3 b4 47. Be7
b3 48. Ba3 Kd3 49. Kg5 Ke2 50. Kf6 Kf2 51. Kxf7 Kxg2 52. Kxe6 Bxf3 53. Kf6 Kg3
54. Kg5 Bg4 55. Bb2 Bf5 56. Ba1 Kf3 57. Bb2 Ke4 58. Ba1 Kf3 59. Bb2 Kg3 60. Ba1
Be6 61. Bb2 Bf7 62. Ba1 Kf3 63. Bb2 Ke4 64. Kf6 Be8 65. Ke7 Bb5 66. Kf6 Kf4 0-1